LDR 00889naa#a2200193#i#450# 001 EN\\bibl\126601 005 20260705134436.7 011 ## _a2222-7962 100 ## _a20260628b2026####ek#y0engy0150####ca 102 ## _aRU 200 1# _aComprehensive Assessment of the Influence of Hydroforestry Reclamation and Silvicultural Measures on the Productivity of Scots Pine (Pinus Sylvestris L.) under the Conditions of the Vologda Region _eJournal article 210 1# _aVoronezh _cFSBE Institution of Higher Education Voronezh State University of Forestry and Technologies named after G.F. Morozov _d2026 215 ## _a17 с. 608 ## _aJournal article _2local 675 ## _aСельское хозяйство. Лесное хозяйство. Охота. Рыбное хозяйство. 63 _z 700 #1 _aPopov _gOleg S. 700 #1 _aNovoselov _gAnatoliy S. 700 #1 _aDruzhinin _gFedor 856 4# _anaukaru.ru _u